000 00593nam a2200205Ia 4500
003 LK-CoDNM
005 20240227144308.0
008 010623t1915 xxu||||| |||| 00| 1 sin d
040 _aLK-CoDNM
_dLK-CoDNM
_eLK-CoDNM
041 _asin
080 _a104 V12
100 _aGoonawardana,Koraneliya
245 _aශක වර්ෂ 1837 පඤ්චාංගය සහ ග්‍ර‍හචාරයන්
246 _aEphemeris Shaka Era 1837
260 _bJ.D.Fernando
_aColombo
_c1915
_c1916
300 _bDamaged
_a48p.,25 cm
650 _aAlmanac
650 _aAstrology
942 _cBK
999 _c88671
_d88671